Esploración de las Laguna Negra i del Encañado en las cordilleras de San José i del Valle del Yeso. Ejecutada en marzo de 1873 por una Comisión presidida por el Intendente de la provincia de Santiago Don Benjamín Vicuña Mackenna. Apuntes, memorias i datos compilados i publicados por él mismo, impresos a espensas de la Municipalidad de Santiago

Guardat en:
Dades bibliogràfiques
Autor principal: Vicuña Mackenna, Benjamín, 1831-1886 (Autor)
Format: Llibre
Idioma:espanyol
Publicat: Valparaíso Imprenta de La Patria, calle del Almendro, Núm. 16 1874
Edició:1a. ed
Matèries:
Etiquetes: Afegir etiqueta
Sense etiquetes, Sigues el primer a etiquetar aquest registre!

MARC

LEADER 00000nam a2200000 a 4500
001 UCJ5729
003 CL-VaPUC
008 070124e18740201CL |||||||||||||||||spa|d
082 0 4 |a 983  |b VIC  |2 21 
100 |a Vicuña Mackenna, Benjamín,  |d 1831-1886  |x Político e historiador   |z Chile   |e author  |9 374 
245 1 0 |a Esploración de las Laguna Negra i del Encañado en las cordilleras de San José i del Valle del Yeso. Ejecutada en marzo de 1873 por una Comisión presidida por el Intendente de la provincia de Santiago Don Benjamín Vicuña Mackenna. Apuntes, memorias i datos compilados i publicados por él mismo, impresos a espensas de la Municipalidad de Santiago 
246 1 0 |a Breves apuntes para un Proyecto de represas en las cordilleras de San José 
250 |a 1a. ed 
300 |a xix, 271 p 
942 |c BK 
945 |d 20070124 00:00:00  |a rinostro 
260 |a Valparaíso  |b Imprenta de La Patria, calle del Almendro, Núm. 16  |c 1874 
500 |a Cuatro láminas plegadas, al final del texto. Benelli, Bibliografía, N§ 72 
600 0 7 |a SOTOMAYOR, JOSE VICENTE  |2 CL-VaPUC  |9 511363 
600 0 7 |a CARVALLO, VICTOR  |2 CL-VaPUC  |9 511364 
600 0 7 |a ANSART, ERNESTO  |2 CL-VaPUC  |9 508801 
600 0 7 |a VIDAL GORMAZ, FRANCISCO  |2 CL-VaPUC  |9 507398 
650 0 |a Ingeniería   |9 259380 
650 0 |a Obras públicas  |9 261125 
650 7 |a REGADIO  |2 CL-VaPUC  |9 385903 
650 7 |a REPRESAS  |2 CL-VaPUC  |9 395506 
650 7 |a HIDROGRAFIA  |2 CL-VaPUC  |9 261115 
650 0 |a Astronomía  |9 260985 
650 7 |a METEOROLOGIA  |2 CL-VaPUC  |9 260030 
650 7 |a PLANOS  |2 CL-VaPUC  |9 260106 
650 0 |a Ilustraciones  |9 369481 
651 0 |a Santiago  |9 265444 
651 7 |a LAGUNA NEGRA  |2 CL-VaPUC  |9 508404 
651 7 |a LAGUNA DEL YESO  |2 CL-VaPUC  |9 511365 
651 7 |a SAN JOSE DE MAIPO  |2 CL-VaPUC  |9 511366 
583 |a last modification  |c 20070124 00:00:00  |k Rodrigo Vera 
999 |c 321838  |d 321836 
952 |0 0  |1 0  |4 0  |6 983_000000000000000_VIC_1874  |7 0  |8 X  |9 400701  |a FDOBUD  |b FDOBUD  |d 2019-11-22  |i 1038834  |o 983 VIC 1874  |p 1038834  |r 2019-11-22  |w 2019-11-22  |y BK_X  |k BUD